The Negro in the American theatre.

Bibliographic Details
Main Author: Isaacs, Edith J. R. (Edith Juliet Rich), 1878-1956
Format: Book
Language:English
Published: New York : Theatre Arts, 1947.
Subjects:

MARC

Tag First Indicator Second Indicator Subfields
LEADER 00000cam a2200000 4500
001 in00000063542
005 20151007083142.0
008 750814s1947 nyuac 00000 eng
010 |a  47011394  
035 |a (OCoLC)01545679 
035 |9 AAF8937AM 
040 |a DLC  |c IRU  |d TXA  |d UtOrBLW 
049 |a TXAM  |c [149372] 
050 0 0 |a PN2286  |b .I8 
092 |a 325.26  |b I73n 
100 1 |a Isaacs, Edith J. R.  |q (Edith Juliet Rich),  |d 1878-1956. 
245 1 4 |a The Negro in the American theatre. 
264 1 |a New York :  |b Theatre Arts,  |c 1947. 
300 |a 143 pages :  |b illustrations, portraits ;  |c 29 cm. 
336 |a text  |b txt  |2 rdacontent 
337 |a unmediated  |b n  |2 rdamedia 
338 |a volume  |b nc  |2 rdacarrier 
650 0 |a Theater  |z United States. 
650 0 |a African American actors. 
999 |a MARS 
999 f f |s 503ae43c-acfc-3592-a359-c2c14fabea95  |i cef2c7b4-33db-3042-b658-99aed0a28355  |t 0 
952 f f |p noncirc  |a Texas A&M University  |b College Station  |c Cushing Memorial Library & Archives  |d Cushing: Area Studies/Africana (Does not check out)  |t 0  |e PN2286 .I8 1947  |h Library of Congress classification  |i unmediated -- volume 
952 f f |p ric  |a Texas A&M University  |b Rellis Campus  |c Joint Library Facility  |d Remote Storage  |t 0  |e PN2286 .I8  |h Library of Congress classification  |i unmediated -- volume  |m A14800669932 
998 f f |a PN2286 .I8 1947  |t 0  |l Cushing: Area Studies/Africana (Does not check out) 
998 f f |a PN2286 .I8  |t 0  |l Remote Storage